Normal view
MARC view
- Chumacero, Alí,
Entry Nombre Personal
001 - NUMERO DE CONTROL
- campo de control: 13445
003 - IDENTIFICADOR DE NUMERO DE CONTROL
- campo de control: DLC
005 - FECHA Y HORA DE LA ÜLTIMA TRANSACCIÓN
- campo de control: 20241031105856.0
008 - DATOS DE LONGITUD FIJA
- campo de control de longitud fija: 241031n||acannaabn | aaa |d
035 ## - NUMERO DE CONTROL
- Número de control: UPN10000013453
040 ## - FUENTE DE CATALOGACIÓN
- Lenguaje de catalogación: spa
- Agencia de transcripción: MX-MxUPN
- Agencia original de catalogación: MX-MxUPN
100 1# - ENCABEZAMIENTO - NOMBRE PERSONAL
- Nombre personal: Chumacero, Alí,
- Fechas asociadas con el nombre: 1918-2010
370 ## - LUGAR ASOCIADO
- Place of birth: Acaponeta, Mexico
- Place of death: México, D.F.
374 ## - OCUPACIÓN
- Occupation: Poeta
- Occupation: Editor
670 ## - FUENTE EN LA QUE SE LOCALIZARON DATOS
- Cita de la fuente: T
- Información localizada: Salvat universal
670 ## - FUENTE EN LA QUE SE LOCALIZARON DATOS
- Cita de la fuente: Autoridades LC, 31 octubre 2024 :
- Información localizada: (Chumacero, Alí, 1918-2010)
- Uniform Resource Identifier: https://lccn.loc.gov/nr88006036
902 ## - CATALOGADOR
- Catalogador: MMA/110199
- Catalogador: MaríaRobles/311024
